[Event "I Torneo entre Faros"]
[Site "?"]
[Date "2013.10.08"]
[Round "4"]
[White "Salgado, Ivan"]
[Black "Cheparinov, Ivan"]
[Result "1/2-1/2"]
[WhiteElo "2624"]
[BlackElo "2672"]
[Annotator "MF Oscar de Prado"]
[PlyCount "61"]
[SourceDate "2010.01.11"]

1. e4 c5 2. c3 d5 3. exd5 Qxd5 4. d4 Nf6 5. Nf3 e6 (5... Bg4) (5... Nc6) 6. Na3
(6. Be3 cxd4 7. cxd4 Bd7 8. Nc3 Bb4 9. Bd3 Bb5 10. O-O Bxc3 11. bxc3 O-O 12.
Bxb5 Qxb5 13. Qb3 Qa6 14. Rab1 b6 15. Ne5 Rc8 16. c4 Nc6 17. Nxc6 Rxc6 18. Rfc1
Rac8 19. c5 Nd5 20. Rc2 h6 21. Rbc1 Qb7 22. Bd2 Rd8 23. h3 Qd7 24. Qf3 Ne7 25.
Be3 Qd5 26. Qxd5 Nxd5 27. cxb6 Rxc2 28. Rxc2 axb6 29. a4 Ra8 30. Rc4 Kf8 31.
Kf1 Ke7 32. Bd2 Kd7 33. Ke2 Ne7 34. Rb4 Nc6 35. Rxb6 Rxa4 36. Rb7+ Ke8 37. Bc3
Nxd4+ 38. Bxd4 Rxd4 39. g3 g5 40. Rb8+ Rd8 41. Rb4 h5 42. Rb5 f5 43. g4 Rd5 44.
Rxd5 exd5 45. gxh5 Kf8 46. Kd3 Kg7 47. Kd4 Kh6 48. Kxd5 Kxh5 49. Ke5 f4 50. Ke4
Kh4 51. Kf5 f3 52. Ke4 Kxh3 {
1/2-1/2 (52) Salgado Lopez,I (2598)-Fedorchuk,S (2660) Haguenau FRA 2013}) 6...
Nc6 (6... Qd8 7. Nc2 Nc6 8. Be2 cxd4 9. Ncxd4 Nxd4 10. Qxd4 Qxd4 11. Nxd4 Bd7
12. O-O O-O-O 13. Bf4 Bc5 14. Be5 Bb6 15. Rfe1 Ne8 16. Bc4 f6 17. Bg3 e5 18.
Ne6 Nd6 19. Nxd8 Nxc4 20. Nf7 Rf8 21. b3 Rxf7 22. bxc4 Bf5 23. a4 Bd3 24. a5
Bc5 25. h4 Bxc4 26. Kh2 Re7 27. f3 h6 28. Rad1 g5 29. Rd2 Kc7 30. Bf2 Bxf2 31.
Rxf2 Rd7 32. Rb2 Rd3 33. hxg5 hxg5 34. Kg3 Rxc3 35. Rh1 Bd5 36. Rh6 f5 37. Rf6
f4+ 38. Kg4 e4 39. fxe4 Bxe4 40. Kxg5 Rg3+ 41. Kxf4 Rxg2 42. Rxg2 Bxg2 43. Ke5
a6 44. Rf8 b6 45. Rf2 Bh1 46. Rh2 Bf3 47. Kf4 Bc6 48. Rh7+ Kb8 49. axb6 Ba4 50.
Ke5 Bc6 51. Kd6 Ba4 52. Kc5 Bb5 53. Rh8+ Kb7 54. Rh7+ Kb8 55. Ra7 Bf1 56. Rg7
Bb5 57. Rg4 Kb7 58. Rg8 Ba4 59. Rf8 Bb5 60. Rf7+ Kb8 61. Kd6 Ba4 62. Re7 Bb5
63. Kc5 Ba4 64. Kb4 Bc6 65. Ka5 Bb5 66. Ra7 Bc4 67. Rg7 Bb5 68. Rh7 Bd3 69. Rg7
Bb5 70. Re7 Ka8 71. b7+ Ka7 72. Rg7 Bf1 73. Re7 Bb5 74. Rc7 Bf1 75. b8=Q+ Kxb8
76. Kb6 Bb5 77. Rc2 Ba4 78. Rc1 Bb5 79. Rc5 Be2 80. Rc3 Bb5 81. Rc2 Ba4 82. Rd2
Kc8 83. Kxa6 Kc7 84. Ka5 {
1/2-1/2 (84) Salgado Lopez,I (2606)-Navara,D (2710) Caleta ENG 2013}) (6... a6)
(6... Be7) 7. Be3 cxd4 (7... Ng4) 8. Nb5 Qd8 (8... Qd7) 9. Nbxd4 Nxd4 (9... Nd5
10. Bg5 (10. Nxc6 bxc6 11. Bd4 f6 12. Bc4 c5 13. Bb5+ Bd7 14. Bxd7+ Qxd7 15.
Be3 Nxe3 16. fxe3 Qxd1+ 17. Kxd1 Kd7 18. Kc2 Kc6 19. Rad1 Be7 20. Rd2 Rad8 21.
Re2 h5 22. Rf1 Rd7 23. e4 Rh6 24. Kb3 Rh8 25. Kc4 Rhd8 26. h3 Rd1 27. Rxd1 Rxd1
28. Ne1 Bf8 29. Nd3 Rf1 30. Rf2 Rxf2 31. Nxf2 g5 32. e5 f5 33. h4 g4 34. Nd3
Be7 35. g3 Bf8 36. a3 a5 37. b4 cxb4 38. cxb4 axb4 39. axb4 Bh6 40. Nc5 f4 41.
gxf4 g3 42. Nxe6 g2 43. Nd4+ Kd7 44. Ne2 Bxf4 45. Kd5 Be3 {
1/2-1/2 (45) Tiviakov,S (2668)-Ftacnik,L (2579) Amsterdam 2006}) 10... f6 11.
Bd2 Bc5 12. Bb5 Qb6 13. Qa4 O-O 14. Bxc6 bxc6 15. O-O e5 16. Nb3 Be7 17. c4 Nc7
18. Na5 Bd7 19. Be3 Qa6 20. Rfd1 Rfd8 21. b4 Be8 22. a3 Ne6 23. Rxd8 Rxd8 24.
Rd1 Rxd1+ 25. Qxd1 c5 26. Qd2 cxb4 27. axb4 Qd6 28. b5 Qc7 29. h3 Kf7 30. Qa2
Bc5 31. Bxc5 Nxc5 32. Qa3 a6 33. Nb3 Nxb3 34. Qxb3 Qb6 35. Nxe5+ fxe5 36. c5+
Qe6 37. Qf3+ Ke7 38. Qb7+ Kf6 39. bxa6 Bc6 40. Qb8 Qd5 41. Qf8+ Kg6 42. f3 h6
43. a7 e4 44. fxe4 Qd4+ 45. Kh1 Qxe4 46. Qd6+ Kh7 47. Qd2 Qf5 48. Kh2 Qe5+ 49.
Kh1 Qa1+ 50. Kh2 Qxa7 51. Qd3+ Kg8 52. Qd8+ Kf7 53. Qd6 Qd7 54. Qf4+ Kg6 55.
Qg3+ Kh7 56. Qf2 Qd3 {
0-1 (56) Kamsky,G (2717)-Alekseev,E (2714) Jermuk ARM 2009}) (9... Qc7 $5) 10.
Bxd4 (10. Qxd4 Qxd4 11. Bxd4 Be7 12. Bb5+ Bd7 13. Be2 O-O 14. Ne5 Be8 15. f4
Nd5 16. g3 f6 17. Nd3 Bb5 18. Rd1 Rad8 19. Bg4 f5 20. Bf3 Ne3 21. Bxe3 Rxd3 22.
Rxd3 Bxd3 23. Kf2 b6 24. Rd1 Rd8 25. a4 Bc2 26. Rxd8+ Bxd8 27. Bc6 Kf7 28. Bd4
Bf6 29. Ke3 Ke7 30. Bb5 Kd6 31. b4 e5 32. fxe5+ Bxe5 33. a5 g5 34. axb6 axb6
35. Bxb6 Bxc3 36. Bc5+ Ke5 37. Bc6 f4+ 38. gxf4+ gxf4+ 39. Ke2 Bd4 40. Bxd4+
Kxd4 41. b5 Ba4 42. Kf3 Ke5 43. Be8 Bxb5 {
1/2-1/2 (42) Stevic,H (2512)-Meier,G (2424) Kusadasi 2006}) 10... Be7 11. Bd3
Qc7 (11... O-O 12. Qd2 (12. Qe2 Qc7 13. O-O Rd8 14. Rad1 Bd7 15. Ne5 Be8 16.
Ng4 Nxg4 17. Qxg4 g6 18. Rfe1 Bf8 19. Be5 Qe7 20. Qf3 Bg7 21. Bxg7 Kxg7 22. Be4
Rac8 23. b3 b6 24. c4 Qf6 25. Qxf6+ Kxf6 26. f4 h6 27. Kf2 g5 28. g3 a5 29. Ke3
Rxd1 30. Rxd1 a4 31. Rd6 axb3 32. axb3 b5 33. Kd4 bxc4 34. bxc4 gxf4 35. gxf4
Rb8 36. Kc3 Rc8 37. Kd4 Rb8 38. Kc3 Rc8 39. Rb6 Rc5 40. Kd4 Rh5 41. c5 Rxh2 42.
c6 Rd2+ 43. Bd3 Bxc6 44. Rxc6 Rh2 45. Ke4 Rh1 46. Be2 Rh2 47. Ke3 Rh3+ 48. Bf3
Rh2 49. Rc5 Kg6 50. Ra5 Rh4 51. Bg2 h5 52. Rg5+ Kh6 53. Re5 Kg6 54. Be4+ Kh6
55. Bf3 Kg6 56. Be2 Kh6 57. Kf3 Rg4 58. Ke3 Rh4 59. Rg5 f5 60. Bf3 e5 61. Rxf5
exf4+ 62. Ke4 Kg6 63. Ke5 Rh2 64. Be4 Rb2 65. Rf6+ Kg7 66. Rg6+ Kf7 67. Rg1 Re2
68. Kxf4 Ke6 69. Rg6+ Kd7 70. Ke5 Kc7 71. Rc6+ Kd7 72. Rb6 Re1 73. Rb7+ Kc8 74.
Rh7 Kb8 75. Kd5 h4 76. Bf5 Rf1 77. Be6 Ra1 78. Kc5 Ra7 79. Rh8+ Kc7 80. Bc4 Rb7
81. Ba6 Rb1 82. Rh7+ Kd8 83. Bb5 Rc1+ 84. Kb6 Rd1 85. Bc6 Rd2 86. Kc5 h3 87.
Bd5 Ke8 88. Kd6 Kf8 89. Rf7+ Ke8 90. Rg7 Rf2 91. Rg8+ Rf8 92. Rg1 Rf2 93. Rg8+
Rf8 94. Rg3 Rf2 95. Rxh3 Kf8 96. Rg3 Rf1 {
1-0 (95) Sadvakasov,D (2487)-Mirzoev,A (2443) Dubai 1999}) (12. Qc2 h6 13.
O-O-O Nd5 14. Kb1 Bf6 15. Ne5 Bxe5 16. Bxe5 Qa5 17. Qe2 Bd7 18. Qe4 f5 19. Qd4
Rf7 20. Be2 Bc6 21. b4 Qa4 22. Bc4 a5 23. Bb3 Qa3 24. Rhe1 Ba4 25. Bxd5 exd5
26. Rd2 Bb5 27. Re3 Bc4 28. b5 Qa4 29. Rg3 Qxb5+ 30. Kc1 Re8 31. f4 Qd7 32. Qb6
Re6 33. Qxa5 Ra6 34. Qc5 Bxa2 35. Kd1 Bc4 36. Ke1 Ra1+ 37. Kf2 Rf1+ 38. Ke3
Re1+ 39. Kf2 Rf1+ 40. Ke3 Re1+ 41. Kf2 {
1/2-1/2 (41) Ehlvest,J (2605)-Muzychuk,M (2471) Caleta ENG 2013}) 12... Qd5 13.
O-O-O Qxa2 14. Rhe1 Rd8 15. Bb1 Qa1 16. Ne5 a5 17. Qc2 g6 18. c4 Bd7 19. Bc3
Be8 20. Qe2 b5 21. Qf3 b4 22. Nxg6 hxg6 23. Bxf6 Bc6 24. Qf4 Rxd1+ 25. Rxd1
Bxf6 26. Qxf6 a4 27. Rd8+ Rxd8 28. Qxd8+ Kg7 29. Qd4+ Kg8 30. Qd8+ {
Â1/2-Â1/2 (29) Mainka,R (2500)-Luther,T (2510) Recklinghausen 1998}) 12. O-O
O-O 13. Be5 Qb6 (13... Qc6) (13... Qc5) 14. Qc2 (14. Qe2) 14... h6 15. a4 a5 $6
(15... Bd7 16. a5 Qc5 $14) 16. Rad1 $16 Rd8 17. Bb5 $1 Nd5 (17... Bd7 $2 18.
Bxf6 $18) 18. c4 (18. Qe4 $1 Nf6 (18... Bd7 19. Qg4 $1 $18 {
La jugada que escapo a Ivan} f6 (19... Nf6 20. Bxf6 Bxf6 21. Bxd7 $18) 20.
Rxd5 exd5 21. Bxd7 fxe5 22. Be6+ Kh8 23. Nxe5 $18) 19. Qf4 $16) 18... Nb4 (
18... Qc5) 19. Qc3 (19. Qe4 $1 $16) 19... Rxd1 $1 (19... Na2 20. Qc2 (20. Qe3
Qxe3 21. fxe3 Nb4 $14) 20... Nb4 21. Qe4) 20. Rxd1 f6 $11 21. Bd4 ({
Ivan pensaba que ganaba con} 21. c5 Bxc5 (21... Qxc5 22. Rd8+ Kh7 (22... Bxd8
23. Qxc5) 23. Ng5+ hxg5 (23... fxg5 24. Bd3+ Nxd3 25. Qxd3+ g6 26. Rh8#) 24.
Qh3+ Kg6 25. Be8#) 22. Bd4 Bxd4 23. Nxd4 e5 24. Bc4+ Kh8 25. Nb5 $44) 21... Qc7
22. c5 $6 (22. Be3) 22... Nd5 23. Qc2 Bd7 24. Bc4 (24. Qe4) 24... Rc8 (24...
Be8) 25. Qe4 (25. Qb3) 25... f5 (25... Kf8 $5) 26. Qe1 (26. Qe5) 26... Bxc5 27.
Bxc5 Qxc5 28. b3 Re8 (28... Kh8) 29. Ne5 Bc6 30. Nxc6 bxc6 31. Qe5 {
las blancas tienen compensacion por el peon.} 1/2-1/2

[Event "I Torneo Entre Faros"]
[Site "?"]
[Date "2013.10.07"]
[Round "3"]
[White "Bruzon, Lazaro"]
[Black "Salgado, Ivan"]
[Result "1/2-1/2"]
[WhiteElo "2685"]
[BlackElo "2624"]
[Annotator "MF Oscar de Prado"]
[PlyCount "62"]
[SourceDate "2010.01.11"]

1. Nf3 Nf6 2. c4 c5 3. g3 d5 {Salgado jugo esta linea en el reciente Cto de
Espana ante Illescas en la partida decisiva.} 4. cxd5 Nxd5 5. Bg2 Nc6 6. Nc3
g6 7. O-O {Bruzon se aparta de la continuacion de Illescas} (7. h4 h6 8.
d3 Bg7 9. Bd2 Be6 10. Qc1 Rc8 11. O-O b6 12. Re1 Nf6 13. Bf4 Ng4 14. Nd1 Nb4
15. a3 Nc6 16. Ne3 Nxe3 17. Bxe3 Na5 18. Nd2 c4 19. dxc4 Nxc4 20. Nxc4 Rxc4 21.
Qb1 O-O 22. Rc1 Qc8 23. a4 Qa6 24. Rxc4 Qxc4 25. a5 Qxe2 26. axb6 axb6 27. Bxb6
Rb8 28. Be3 Bf5 29. Qd1 Qxd1+ 30. Rxd1 Rxb2 31. Bd4 Bxd4 32. Rxd4 Kg7 33. Ra4
g5 34. hxg5 hxg5 35. Ra5 Kf6 36. Ra6+ e6 37. Ra7 Rb1+ 38. Kh2 g4 39. Ra4 Re1
40. Rb4 Kg5 41. Rb5 e5 42. Rb3 f6 43. Ra3 Bg6 44. Rc3 Rd1 45. Rc5 Re1 46. Rc3
Bb1 47. Ra3 Bc2 48. Rc3 Re2 49. Kg1 Rd2 50. Rc5 Bb1 51. Rb5 Rd1+ 52. Kh2 Rc1
53. Ra5 Bd3 54. Ra3 e4 55. Ra5+ f5 56. Ra2 Re1 57. Ra3 Rb1 58. Ra2 Rc1 59. Ra5
Kf6 60. Ra3 Be2 61. Ra2 Bf3 62. Ra6+ Kg5 63. Ra3 Rb1 64. Ra2 Kf6 65. Ra6+ Ke5
66. Ra5+ Kd4 67. Ra3 Kc4 68. Re3 Kd4 69. Ra3 Rc1 70. Rb3 Ra1 71. Re3 Ra2 72.
Kg1 f4 73. gxf4 g3 74. Rxf3 exf3 75. Bxf3 gxf2+ {
0-1 (75) Illescas Cordoba,M (2608)-Salgado Lopez,I (2614) Linares ESP 2013})
7... Bg7 8. Qa4 (8. Nxd5 Qxd5 9. d3 O-O 10. Be3 Bxb2 11. Rb1 Bf6 12. Qa4 Qd7
13. Qb5 b6 14. Nd2 Bb7 15. Ne4 Rab8 16. Bf4 Qc8 17. Bxb8 Nd4 18. Nxf6+ exf6 19.
Qb2 Bxg2 20. Kxg2 Qc6+ 21. f3 Rxb8 22. e3 Nf5 23. Qf2 h5 24. Kg1 Re8 25. Rfe1
Re6 26. Rb2 Qe8 27. Rbe2 Qd7 28. Rd2 Qe7 29. Rde2 Qd7 30. Rd2 Qe7 31. Rde2 {
1/2-1/2 (31) Jakovenko,D (2724)-Cheparinov,I (2678) Poikovsky RUS 2013}) (8.
Ng5 e6 9. Nge4 b6 10. Qa4 Bd7 11. Nd6+ Ke7 12. Nde4 Re8 13. d3 Kf8 14. Bg5 f6
15. Bd2 Nce7 16. Qc4 Bc6 17. a3 h6 18. Nd1 Rc8 19. Qc1 Nf5 20. Ne3 Nd4 21. Qd1
Qd7 22. a4 f5 23. Nc3 Nb4 24. Bxc6 Ndxc6 25. Nc4 Rb8 26. Be3 Kg8 27. Qd2 Kh7
28. Na2 Nd5 29. Nc3 Ndb4 30. Na2 Nd5 31. Nc3 Nf6 32. f3 e5 33. Bf2 Nd4 34. Ra3
Rbd8 35. Nb5 Nxb5 36. axb5 Qxb5 37. Qc2 Re7 38. Rfa1 Rdd7 39. e4 Qc6 40. Ra6 f4
41. g4 Ne8 42. Kg2 Qc8 43. Qb3 Rb7 44. Qc3 Qb8 45. b4 cxb4 46. Qxb4 Qd8 47.
R1a2 Red7 48. Qb1 Bf6 49. Qa1 Qe7 {1/2-1/2 (49) Bauer Christian (FRA) (2641)
-Vachier-Lagrave Maxime (FRA) (2527) Chartres (France) 2005}) 8... O-O 9. Qc4
Nxc3 (9... Nb6 10. Qxc5 Bg4 11. d3 Rc8 12. Qg5 Bxf3 13. Bxf3 Nd4 14. Bxb7 Rxc3
15. bxc3 Nxe2+ 16. Kg2 Bxc3 17. Rb1 Qxd3 18. Be3 Bf6 19. Qg4 h5 20. Qf3 Nc3 21.
Rb3 Nc4 22. Bxa7 Qxf3+ 23. Bxf3 Nd2 24. Rxc3 Bxc3 25. Rc1 Bb2 26. Rc2 Nxf3 27.
Rxb2 Ne1+ 28. Kf1 Nd3 29. Rb7 Rc8 30. Rxe7 Rc1+ 31. Kg2 Ne1+ 32. Kh3 Nf3 33.
Re3 g5 34. Kg2 g4 35. Rxf3 gxf3+ 36. Kxf3 Ra1 37. Ke4 {
1/2-1/2 (37) Tkachiev,V (2655)-Vachier Lagrave,M (2595) Aix les Bains FRA 2007}
) (9... Be6 $5 10. Qxc5 Rc8 11. Qa3 h6 12. Rb1 Qd7 13. d3 b5 14. Ne4 Nd4 15.
Bd2 a5 16. Rbc1 Nc2 17. Nc5 Nxa3 18. Nxd7 Bxd7 19. bxa3 Nc3 20. Rfe1 Be6 21. d4
b4 22. axb4 Ne4 23. bxa5 Nxd2 24. Nxd2 Bxd4 25. a6 Bxa2 26. Bb7 Rxc1 27. Rxc1
Rd8 28. Nf3 Ba7 29. Ne5 Bd5 30. Rd1 e6 31. Nc6 Bb6 32. Nxd8 Bxd8 33. a7 {
1-0 (33) Apkhaidze,N (2090)-Blazkova,P (2200) Guarapuava 1995}) 10. dxc3 (10.
bxc3 b6 11. Qh4 Bb7 12. Rb1 e6 13. c4 Qxh4 14. Nxh4 Rab8 15. Nf3 Nb4 16. Bb2
Rfd8 17. Bxg7 Kxg7 18. Rb2 Rd6 19. d3 Re8 20. a3 Na6 21. Ra1 e5 22. Nd2 Bxg2
23. Kxg2 f5 24. a4 Nb4 25. a5 Re7 26. f3 h5 27. h3 Kf6 28. axb6 axb6 29. Ra8
Rdd7 30. Rb1 Ra7 31. Ra1 Nc6 32. Nb1 Rxa1 33. Rxa1 Ra7 34. Rxa7 Nxa7 35. Nc3
Ke6 36. Nd5 b5 37. Nc7+ Kd7 38. Nxb5 Nxb5 39. cxb5 Kc7 40. f4 exf4 41. gxf4 h4
42. Kf2 Kb6 43. Ke3 Kxb5 44. Kd2 Kb4 45. Kc2 c4 46. Kb2 cxd3 47. exd3 Kc5 48.
Kc3 Kd5 49. d4 Ke4 50. Kc4 Kxf4 51. d5 Kg3 52. d6 f4 53. d7 f3 54. d8=Q f2 55.
Qg5+ {Â1/2-Â1/2 (55) Kortschnoj,V (2640)-Rechlis,G (2475) Beersheba ,}) 10...
Qb6 (10... b6 11. Ng5 Qc7 12. Qh4 h6 13. Nf3 g5 14. Bxg5 hxg5 15. Nxg5 Bf5 $15
{1/2-1/2 (116) Hertneck,G-Miles,A Dortmund 1986}) 11. Qh4 (11. Ng5 Ne5 $11)
11... Rd8 (11... f6 12. Qc4+ Kh8 13. Be3 Qxb2 14. Rab1 Qa3 15. Bxc5 Qa5 16. Nd4
Qc7 17. Rfd1 Na5 18. Qb4 {
1-0 (18) Tkachiev,V (2636)-Schmidt,W (2396) Warsaw POL 2010}) 12. Re1 Bd7 13.
Rb1 (13. e4 Ne5 14. Nxe5 Bxe5 $11 15. Qxe7 $2 Bf6 $19) (13. Ng5) 13... Rac8 {
Novedad} (13... h5 14. Ng5 Ne5 15. Bf4 Bc6 16. Bxe5 Bxe5 17. Qc4 Rf8 18. Bxc6
Qxc6 19. Rbd1 Bf6 20. Ne4 Rac8 21. Rd5 b6 22. Red1 Bg7 23. a4 Qc7 24. R1d3 Rcd8
25. Qb5 Rxd5 26. Rxd5 Rd8 27. Qd3 Rxd5 28. Qxd5 Qc8 29. h4 Bf6 30. b3 Kg7 31.
Kg2 Qa6 32. c4 Qa5 33. Qd1 Qb4 34. e3 Qa3 35. Qb1 Bb2 36. Qd1 Bf6 37. Qb1 Bb2
38. Qd1 Bf6 39. Qb1 {1/2-1/2 (39) Vitiugov,N (2709)-Gao,R (2417) Beijing 2012})
(13... Qc7 14. Bf4 Qa5 15. a3 Be8 16. Be3 Rac8 17. Bh3 Ra8 18. Ng5 h6 19. Nf3
g5 20. Qc4 b6 21. Bf5 Rd6 22. h4 gxh4 23. Qxh4 Rad8 24. Bc2 Kf8 25. Qe4 Re6 26.
Qh7 Rxe3 27. fxe3 Qa6 28. Nh4 e6 29. Ng6+ fxg6 30. Rf1+ Bf7 31. Rxf7+ Kxf7 32.
Qxg6+ {1-0 (32) Dragun,K (2520)-Schmidt,W (2370) Wroclaw POL 2013}) 14. Bh6 f6
$6 {esta jugada es dudosa,era mejor} (14... Bf6 15. Bg5 Bg7 16. b4 $13 (16. Bh6
$11)) (14... Bh8 15. Ng5 Bf6) 15. Qc4+ $6 {era mejor} (15. Be3 $1 $14) 15... e6
(15... Kh8 $11) 16. Bxg7 $6 (16. Be3 $1 Ne7 (16... Na5 17. Qh4 g5 18. Nxg5 fxg5
19. Bxg5 $14) 17. b4 $14) 16... Kxg7 17. Red1 Na5 (17... Be8 $5 18. Qxe6 Bf7
19. Qh3 $13) 18. Qh4 Be8 19. b4 Nc6 20. Rxd8 (20. bxc5 Rxd1+ 21. Rxd1 Qxc5)
20... Rxd8 21. Qe4 (21. Qc4) 21... cxb4 22. cxb4 e5 (22... Ne7) (22... g5) 23.
b5 Ne7 24. Ne1 Bf7 (24... Nd5 25. Qc2 Qa5 26. Nd3 Bf7 $14) (24... Rd7 $15) 25.
Qxb7 $11 Qxb7 26. Bxb7 Bxa2 27. Rc1 Rd7 28. Ba8 Bd5 29. Bxd5 Rxd5 (29... Nxd5
30. Rc5 Kf7 31. Nc2 Nc7 $11) 30. Rc7 Kf7 31. Rxa7 Rxb5 1/2-1/2